| 000 | 01596nam a2200373 a 4500 | ||
|---|---|---|---|
| 001 | 000012782 | ||
| 003 | DO-SdBNP | ||
| 005 | 20180307110627.0 | ||
| 007 | 000012782 | ||
| 008 | 091117s2001 dr abc 000 0 spa d | ||
| 020 | _a8482614142 | ||
| 040 |
_aBPMSU _bspa _cBPMSU |
||
| 092 |
_a372.84 _bR696r 1ro. 2001 |
||
| 100 | 1 | _aRodríguez, Federico | |
| 245 | 1 | 0 |
_aReligión 1 : _b[educación básica] / _cFederico Rodríguez ; dirección editorial Obdulia García de Escobar |
| 246 | 1 | 3 |
_aReligión : _bformación integral, humana y religiosa |
| 260 |
_aSanto Domingo : _bSantillana, _c2001. |
||
| 300 |
_a63 p. : _bil. ; _c28 cm. |
||
| 490 | 1 | _aUmbral | |
| 505 | 0 |
_t¿Sabe Dios mi nombre? -- _tQue ha hecho Dios por nosotros? -- _t¿Para qué ha creado Dios las cosas? -- _t¿Cómo nos habla Dios? _t¿Quién es Jesús? -- _t¿Que nos enseña Jesús? -- _t¿Quiénes son nuestros hermanos? -- _t¿Dónde viven los hijos de Dios? -- _t¿Cómo hablamos con Dios? -- _t¿Cuánto quiere Dios a sus hijos? . |
|
| 650 |
_aRELIGIÓN _xENSEÑANZA BÁSICA |
||
| 650 | 4 |
_aRELIGIÓN _xESTUDIOS Y EJERCICIOS |
|
| 650 | 4 |
_aRELIGIÓN _xLIBROS DE TEXTOS |
|
| 650 | 4 |
_aRELIGIÓN _xEDUCACIÓN PRIMARIA |
|
| 650 | 4 |
_aEDUCACIÓN PRIMARIA _zREPÚBLICA DOMINICANA |
|
| 700 | 1 | 2 |
_aGarcía de Escobar, Obdulia, _eed. |
| 830 | 0 | _aUmbral | |
| 910 | _aValidado. Control de calidad MFF | ||
| 930 | 1 |
_lBND01 _mLF1 _820091117 _f01 _pCT _g7741 |
|
| 942 |
_2ddc _cBK |
||
| 945 | _ainventariado, 2018 / dg | ||
| 956 |
_aVMATEO _b10 _c20101205 _lBND01 _h00151 |
||
| 956 |
_aLOPEREZ _b10 _c20160428 _lBPMSU _h00041 |
||
| 999 |
_c7978 _d7978 |
||